000 00478nam a2200217Ia 4500
008 210210b1956 xxu||||| |||| 00| 0 eng d
041 _aeng
082 _a383/77
100 _aGHOSH (B B)
245 _aBusiness organisation Rev Ed 9
250 _a
260 _aCalcutta
_bA Mukherjee & Co.
_c1956
300 _aviii,744
650 _aRev
650 _aorganisation
650 _aEd
650 _aBusiness
650 _a9
690 _aBusiness
906 _a005273
999 _c125191
_d125191